Producción de tomate para procesamiento
Saved in:
| Main Authors: | , |
|---|---|
| Format: | Book |
| Language: | Spanish |
| Published: |
Santiago
INIA
2006
Santiago Ministerio de Agricultura 2006 |
| Series: | Actas INIA, 32
|
| Subjects: | |
| Tags: |
Add Tag
No Tags, Be the first to tag this record!
|
MARC
| LEADER | 00000nam a2200000 a 4500 | ||
|---|---|---|---|
| 001 | UCI7308 | ||
| 003 | CL-VaPUC | ||
| 005 | 20241118104205.0 | ||
| 008 | 080619e20060000cl 1 spa d | ||
| 044 | |a cl |2 marc | ||
| 044 | |a cl |2 marc | ||
| 082 | 0 | 4 | |a 635.642 |b SAA |2 21 |
| 100 | 1 | |a Saavedra del Real, Jorge Gabriel |e author |9 621221 | |
| 700 | 1 | |a González Yáñez, Marisol |e author |9 621222 | |
| 245 | 1 | 0 | |a Producción de tomate para procesamiento |
| 260 | |a Santiago |b INIA |c 2006 | ||
| 260 | |a Santiago |b Ministerio de Agricultura |c 2006 | ||
| 300 | |a 108 p | ||
| 490 | 0 | |a Actas INIA, 32 | |
| 583 | |a last modification |c 20190828 10:57:03 |k Rodrigo Vera | ||
| 650 | 0 | 7 | |a TOMATE |2 CL-VaPUC |9 264158 |
| 650 | 0 | 0 | |a Cultivo |9 264268 |
| 650 | 0 | 7 | |a PROCESAMIENTO |2 CL-VaPUC |9 405276 |
| 650 | 0 | 0 | |a Producción del tomate |9 621223 |
| 942 | |c BK | ||
| 945 | |a jtorresc |d 20080619 00:00:00 | ||
| 546 | |a En Español | ||
| 536 | |a INIA | ||
| 536 | |a Centro Regional de Investigación La Platina | ||
| 518 | |p Seminario Internacional Producción de tomate para procesamiento, 1, Talca, 13-14 de Octubre de 2005 | ||
| 999 | |c 384366 |d 384364 | ||
| 952 | |0 0 |1 0 |4 0 |6 635_642000000000000_SAA_2006 |7 0 |8 A |9 507033 |a BIBAGR |b BIBAGR |d 2020-01-23 |i 4450736 |l 1 |o 635.642 SAA 2006 |p 4450736 |r 2025-01-20 |s 2022-10-07 |w 2020-01-23 |y BK |k AGR | ||